| 000 | 00447nam a22001337a 4500 | ||
|---|---|---|---|
| 020 | _a9789696030232 | ||
| 082 |
_a639.9 _bWOR _cDonation |
||
| 110 |
_aPakistan engineering Congress _950741 |
||
| 245 |
_aWorld water day March 2014 _bon the theme of water and energy _cPakistan engineering Congress |
||
| 260 |
_aLahore _bPakistan engineering Congress _c2014 |
||
| 300 |
_a248p. _bill. |
||
| 526 |
_a0 _b0 _c0 _d639_900000000000000_WOR |
||
| 942 |
_2ddc _cBK |
||
| 999 |
_c553615 _d553615 |
||